ბათუმის შოთა რუსთაველის სახელმწიფო უნივერსიტეტის ბიბლიოთეკა

The next 100 years (ბიბ.ჩანაწერი № 51481)

000 -LEADER
fixed length control field 00583nam a2200241Ia 4500
001 - CONTROL NUMBER
control field 18467
003 - CONTROL NUMBER IDENTIFIER
control field GE_BSU
008 - FIXED-LENGTH DATA ELEMENTS--GENERAL INFORMATION
fixed length control field 181216s||||||||xx |||||||||||||| ||und||
020 ## - INTERNATIONAL STANDARD BOOK NUMBER
International Standard Book Number 9780749007430
040 ## - CATALOGING SOURCE
Transcribing agency GE_BSU
080 ## - UNIVERSAL DECIMAL CLASSIFICATION NUMBER
Universal Decimal Classification number 32
100 ## - MAIN ENTRY--PERSONAL NAME
Personal name Friedman, George
245 #4 - TITLE STATEMENT
Title The next 100 years
245 #2 - TITLE STATEMENT
Remainder of title A forecast for the 21 st century
260 ## - PUBLICATION, DISTRIBUTION, ETC.
Place of publication, distribution, etc. London
260 ## - PUBLICATION, DISTRIBUTION, ETC.
Name of publisher, distributor, etc. Allison & Busby
260 ## - PUBLICATION, DISTRIBUTION, ETC.
Date of publication, distribution, etc. 2009
300 ## - PHYSICAL DESCRIPTION
Extent 350 p. 20cm.
653 ## - INDEX TERM--UNCONTROLLED
Uncontrolled term A forecast for the 21 st century
653 ## - INDEX TERM--UNCONTROLLED
Uncontrolled term The next 100 years
653 ## - INDEX TERM--UNCONTROLLED
Uncontrolled term პოლიტიკა
942 ## - ADDED ENTRY ELEMENTS (KOHA)
Koha item type წიგნი
ეგზემპლარები
Withdrawn status Lost status Damaged status Not for loan Date acquired Barcode Date last seen Price effective from Koha item type
        2018-12-17 47315 2018-12-17 2018-12-17 წიგნი